000
00214 a2200097 4500
001
4560
100
_a
Stoecker,W.F
245
_a
Refrigeration & air conditioning
260
_a
_b
Mcgrawhill
_c
090
_c
3756
_d
3756
942
_a
NUST-CAE
_c
M
_c
29996
999
_c
239633
_d
239633